Унифицированный лабораторный комплекс; Инженерное образование; № 21
| Parent link: | Инженерное образование: электронный научный журнал/ Ассоциация инженерного образования России (АИОР).— : [Б. и.], 2003-.— 1810-2883 № 21.— 2017.— [С. 234-241] |
|---|---|
| Hoofdauteur: | |
| Samenvatting: | Заглавие с титульного листа В статье приведен унифицированный лабораторный комплекс, который позволяет выполнять лабораторные работы по предметам "Электротехника с основами промышленной электроники", "Радиоэлектроника", "Электромонтажные работы" и другими, в процессе подготовки сложных электро- и радиотехнических профессий. Конструкция комплекса позволяет выполнять физическое моделирование лабораторных работ с помощью унифицированных съемных физических элементов, а также электронное моделирование с помощью персонального компьютера. |
| Taal: | Russisch |
| Gepubliceerd in: |
2017
|
| Reeks: | Практико-ориентированность в инженерной подготовке |
| Onderwerpen: | |
| Online toegang: | https://old.aeer.ru/files/io/m21/art_33.pdf |
| Formaat: | MixedMaterials Elektronisch Hoofdstuk |
| KOHA link: | https://koha.lib.tpu.ru/cgi-bin/koha/opac-detail.pl?biblionumber=573811 |
MARC
| LEADER | 00000naa2a2200000 4500 | ||
|---|---|---|---|
| 001 | 573811 | ||
| 005 | 20250520140611.0 | ||
| 035 | |a (RuTPU)RU\TPU\prd\272346 | ||
| 035 | |a RU\TPU\prd\272345 | ||
| 090 | |a 573811 | ||
| 100 | |a 20170627a2017 k y0rusy50 ca | ||
| 101 | 0 | |a rus | |
| 102 | |a RU | ||
| 135 | |a drcn ---uucaa | ||
| 181 | 0 | |a i | |
| 182 | 0 | |a b | |
| 200 | 1 | |a Унифицированный лабораторный комплекс |b Электронный ресурс |f Н. В. Анисимов | |
| 203 | |a Текст |c электронный | ||
| 215 | |a 1 файл (397 Кб) | ||
| 225 | 1 | |a Практико-ориентированность в инженерной подготовке | |
| 230 | |a Электронные текстовые данные (1 файл : 397 Кб) | ||
| 300 | |a Заглавие с титульного листа | ||
| 320 | |a [Библиогр.: с. 241 (9 назв.)] | ||
| 330 | |a В статье приведен унифицированный лабораторный комплекс, который позволяет выполнять лабораторные работы по предметам "Электротехника с основами промышленной электроники", "Радиоэлектроника", "Электромонтажные работы" и другими, в процессе подготовки сложных электро- и радиотехнических профессий. Конструкция комплекса позволяет выполнять физическое моделирование лабораторных работ с помощью унифицированных съемных физических элементов, а также электронное моделирование с помощью персонального компьютера. | ||
| 461 | 1 | |0 (RuTPU)RU\TPU\prd\176632 |x 1810-2883 |t Инженерное образование |o электронный научный журнал |f Ассоциация инженерного образования России (АИОР) |n [Б. и.] |d 2003- | |
| 463 | 1 | |0 (RuTPU)RU\TPU\prd\272250 |t № 21 |v [С. 234-241] |d 2017 | |
| 610 | 1 | |a инженерное образование | |
| 610 | 1 | |a электронный ресурс | |
| 610 | 1 | |a лабораторные комплексы | |
| 610 | 1 | |a лабораторные работы | |
| 610 | 1 | |a физическое моделирование | |
| 610 | 1 | |a электронное моделирование | |
| 610 | 1 | |a laboratory works | |
| 610 | 1 | |a physical modelling | |
| 700 | 1 | |a Анисимов |b Н. В. | |
| 801 | 1 | |a RU |b 63413507 |c 20090623 |g PSBO | |
| 801 | 2 | |a RU |b 63413507 |c 20180426 |g PSBO | |
| 856 | 4 | |u https://old.aeer.ru/files/io/m21/art_33.pdf | |
| 942 | |c BK | ||